| 000 | 00499nam a22001817a 4500 | ||
|---|---|---|---|
| 003 | BD-DhUL | ||
| 005 | 20181213163857.0 | ||
| 008 | 181017s1945 ii ||||| |||| 00| 0 urd d | ||
| 040 |
_aBD-DhUL _cBD-DhUL |
||
| 082 |
_a891.433 _bSAD |
||
| 100 | 3 | 0 | _aصادق الخیری۔ |
| 245 | 0 | 0 |
_aدھنک / _cصادق الخیری۔ |
| 246 | _aDhanak | ||
| 260 |
_aدہلی : _bاردو نشرگاہ، _c۱۹۴۵۔ |
||
| 300 |
_aص۔ ۱۷۶ ؛ _c ۱۹ سم۔ |
||
| 650 | 4 | _aUrdu fiction. | |
| 942 |
_2ddc _cBK |
||
| 999 |
_c245275 _d245275 |
||